Historia de mis desventuras
Sparad:
| Huvudupphovsman: | |
|---|---|
| Materialtyp: | Bok |
| Språk: | spanska |
| Publicerad: |
Buenos Aires
Centro Editor de América latina
1967
|
| Upplaga: | 1a. ed |
| Serie: | Letra Firme, 2
|
| Ämnen: | |
| Taggar: |
Lägg till en tagg
Inga taggar, Lägg till första taggen!
|
MARC
| LEADER | 00000cam a2200000 a 4500 | ||
|---|---|---|---|
| 001 | UCE2919 | ||
| 003 | CL-VaPUC | ||
| 008 | 140731e19670000ag |||||||||||||||||spa|d | ||
| 082 | 0 | 4 | |a 189 |b ABE |2 21 |
| 100 | |a Abelardo, Pedro |e author |9 345662 | ||
| 245 | 1 | 0 | |a Historia de mis desventuras |
| 250 | |a 1a. ed | ||
| 300 | |a 97 p | ||
| 942 | |c BK | ||
| 945 | |d 20140731 15:45:00 |a dcastane | ||
| 260 | |a Buenos Aires |b Centro Editor de América latina |c 1967 | ||
| 650 | 0 | |a Filosofía medieval |9 256245 | |
| 583 | |a last modification |c 20140731 15:45:00 |k Rodrigo Vera | ||
| 490 | 0 | |a Letra Firme, 2 | |
| 999 | |c 356438 |d 356436 | ||
| 952 | |0 0 |1 0 |3 erb |4 0 |6 189_000000000000000_ABE_1967 |7 0 |8 A |9 463780 |a BIBART |b BIBART |i 5049075 |o 189 ABE 1967 |p 5049075 |r 2025-03-13 |w 2019-11-23 |y BK |z Catalogado en:20140731 |k ART | ||